UFC, How Much Do You Know #2 - Statistics

General Stats
  • This quiz has been taken 276 times
  • The average score is 8 of 10
Answer Stats
Question Answer % Correct
What is the maximum number of rounds in a UFC title fight? 5
100%
Which UFC fighter is nicknamed "The Spider"? Anderson Silva
99%
Which UFC fighter is known for their wrestling-heavy style and went undefeated in their career? Khabib Nurmagomedov
97%
which match has the most Conor McGregor vs. Khabib Nurmagomedov (UFC 229, 2018)
96%
Who is the youngest champion in UFC history? Jon Jones
95%
Which UFC fighter famously shouted, "I’m not surprised, mother****ers" after a victory? Nate Diaz
85%
Which belt those Tom Aspinall Interim belt
83%
Which female fighter was the first to win UFC titles in two weight classes? Amanda Nunes
82%
Who holds the record for the fastest submission victory in UFC history? Oleg Taktarov
22%
Who won the first season of The Ultimate Fighter reality show? Diego Sanchez
8%
No matching quizzes found
Score Distribution
Percent of People with Each Score
Percentile by Number Answered
Your Score History
You have not taken this quiz